<?xml version="1.0" encoding="UTF-8"?>
<record
    xmlns:xsi="http://www.w3.org/2001/XMLSchema-instance"
    xsi:schemaLocation="http://www.loc.gov/MARC21/slim http://www.loc.gov/standards/marcxml/schema/MARC21slim.xsd"
    xmlns="http://www.loc.gov/MARC21/slim">

  <leader>01852pab a2200181 454500</leader>
  <controlfield tag="008">180718b2017   xxu||||| |||| 00| 0 eng d</controlfield>
  <datafield tag="100" ind1=" " ind2=" ">
    <subfield code="a">Singh, Mahendra Pal</subfield>
  </datafield>
  <datafield tag="245" ind1=" " ind2=" ">
    <subfield code="a">Discretionary powers of the governor of a state in India</subfield>
  </datafield>
  <datafield tag="260" ind1=" " ind2=" ">
    <subfield code="c">2017</subfield>
  </datafield>
  <datafield tag="300" ind1=" " ind2=" ">
    <subfield code="a">p.372-379.</subfield>
  </datafield>
  <datafield tag="362" ind1=" " ind2=" ">
    <subfield code="a">Sep</subfield>
  </datafield>
  <datafield tag="520" ind1=" " ind2=" ">
    <subfield code="a">By now it is well established from the provisions of the Constitution, their history, practice and interpretation that the Constitution establishes a parliamentary form of government at the levels of the union and the states in which their decisions are expressed respectively in the name of the president and the governor, while all these decisions are taken by a council of ministers headed by the prime minister in the case of the union and headed by the chief ministers in the states. Doubts have, however, persisted in view of the difference between the wordings of the relevant provisions of the Constitution&#xFF97;Articles 74 and 163, respectively, for the union and the states. But time and again the Supreme Court has held that in view of the parliamentary form of government at the union and in the states, the governor has no discretionary powers except the ones either expressly provided in the Constitution or that can be inferred by necessary implication. Special emphasis has been given to the constitutional scheme of democratic rule both at the union and the states along with the goal of maintaining the unity and integrity of the nation by subjecting the governor to the supervision of the union in the exercise of his discretionary powers so as to exclude every possibility for the governor to exercise any power in his personal capacity. - Reproduce</subfield>
  </datafield>
  <datafield tag="650" ind1=" " ind2=" ">
    <subfield code="a">Discretionary power - India</subfield>
  </datafield>
  <datafield tag="650" ind1=" " ind2=" ">
    <subfield code="a">Governors - India</subfield>
  </datafield>
  <datafield tag="650" ind1=" " ind2=" ">
    <subfield code="a">Governors</subfield>
  </datafield>
  <datafield tag="773" ind1=" " ind2=" ">
    <subfield code="a">Indian Journal of Public Administration</subfield>
  </datafield>
  <datafield tag="909" ind1=" " ind2=" ">
    <subfield code="a">116203</subfield>
  </datafield>
  <datafield tag="999" ind1=" " ind2=" ">
    <subfield code="c">116197</subfield>
    <subfield code="d">116197</subfield>
  </datafield>
  <datafield tag="952" ind1=" " ind2=" ">
    <subfield code="0">0</subfield>
    <subfield code="1">0</subfield>
    <subfield code="4">0</subfield>
    <subfield code="7">0</subfield>
    <subfield code="a">IIPA</subfield>
    <subfield code="b">IIPA</subfield>
    <subfield code="d">2018-07-19</subfield>
    <subfield code="h">Volume no: 63, Issue no: 3</subfield>
    <subfield code="p">AR116663</subfield>
    <subfield code="r">2018-07-19</subfield>
    <subfield code="w">2018-07-19</subfield>
    <subfield code="y">AR</subfield>
  </datafield>
</record>
